01015nam a2200205 a 450000100060000000300080000600500170001400800410003102000150007203500190008704000230010604100110012908200260014010000360016624501860020226000490038830000250043750502840046260000630074662734BD-RjUL20211209081122.0170125s1972 nyu b 000 0 eng d a0814765564 a(BD-RjUL)62861 aDLCcDLCdDLCbeng1 aengswe00a711.41223bSTE 1972 1 aStrindberg, August,d1849-1912.10aEight expressionist plays / cAugust Strindberg; Translated and with prefaces to the pilgrimage plays by Arvid Paulson. Introd. and with a pref. to the Ghost Sonata by John Gassner. aNew York :bNew York University Press,c1972 ax, 499 p. ; c24 cm.0 aLucky Per's journey.--The keys of heaven.--To Damascus I.--To Damascus II.--To Damascus III.--A dream play.--The great highway.--The ghost sonata.--Chronology of events in August Strindberg's life.--Bibliographical note (p. 497)--Principal works of August Strindberg (p. 498-499)10aStrindberg, August,d1849-1912xTranslations into English.